000 00504nam a2200193 a 4500
001 6117
003 CO-ViMGA
008 141112s2004 ck r 000 u spa d
040 _aCO-ViMGA
_bspa
_cCO-ViMGA
082 0 4 _aR782.1 P145
100 1 _aPahlen, Kurt
_94750
245 1 0 _aDiccionario de la opera
260 _aBarcelona :
_bEmece,
_c1995
300 _a575 p
590 _aDatos de inventario : 05433
650 1 4 _aMUSICOS - OPERA
_94751
650 1 4 _aOPERA - DICCIONARIOS
_94752
942 _2ddc
_cBK
999 _c18091
_d18091